• 首页
  • 本馆介绍
  • 公告通知
  • 最新文献
  • 馆藏检索
  • 电子资源
  • 读者导购
  • 参考咨询
  • 我的图书馆
  • 登录
  • 详细信息显示
  • 放入我的书架
  • 预约/预借图书
  • 作者相关作品
  • 分类相关作品
  • 丛书相关作品
  • 出版社相关作品

书目信息

  • 表格格式
  • 工作单格式
  • 卡片格式
题名:
导数不那么可怕
    
 
作者: 张波 编著
分册:  
出版信息: 沈阳   沈阳出版社  2019
页数: 152页
开本: 19cm
丛书名:
单 册:
中图分类: O172.1
科图分类:
主题词: 导数--基本知识
电子资源:
ISBN: 978-7-5441-9893-6
000 01122nam0 2200229 45
001 012001002449
005 20140101103003.0
010    @a978-7-5441-9893-6@dCNY48.00
100    @a20181218d2019 em y0chiy0110 ea
101 0  @achi
102    @aCN@b210000
105    @ay z 000yy
106    @ar
200 1  @a导数不那么可怕@Adao shu bu na me ke pa@f张波编著
210    @a沈阳@c沈阳出版社@d2019
215    @a152页@d19cm
330    @a本书的编写帮助学生建立起关于导数的知识体系,学会解题方法,使学生思考有程序、具体有方法、下笔有策略。本书目标:1.帮助考生熟悉基本的题型结构,要掌据基本方法,掌握了这些具体方法后还要从思维高度上看问题,从逻辑思维方式和形象思维方式来分析问题。2.通过做题训练大脑,学会思维。3.通过本书有目的、科学的题序设计,使学生掌据解题微观方法和宏观策略。本书使用二维码技术把老师对解题的例题分析讲解,以生动、直观的视频演示方式呈现出来,就如同考生现场来听了一节生动的数学课,视频中的数学讲解不是书中内容的复读,而是从另一角度对问题的深度分析。
606 0  @a导数@x基本知识
690    @aO172.1@v5
701  0 @a张波@Azhang bo@4编著
801  0 @aCN@b北京卓展@c20191020
905    @b1203480-3@dO172.1@e172@f4
    
    导数不那么可怕/张波编著.-沈阳:沈阳出版社,2019
    152页;19cm
    
    
    ISBN 978-7-5441-9893-6:CNY48.00
    本书的编写帮助学生建立起关于导数的知识体系,学会解题方法,使学生思考有程序、具体有方法、下笔有策略。本书目标:1.帮助考生熟悉基本的题型结构,要掌据基本方法,掌握了这些具体方法后还要从思维高度上看问题,从逻辑思维方式和形象思维方式来分析问题。2.通过做题训练大脑,学会思维。3.通过本书有目的、科学的题序设计,使学生掌据解题微观方法和宏观策略。本书使用二维码技术把老师对解题的例题分析讲解,以生动、直观的视频演示方式呈现出来,就如同考生现场来听了一节生动的数学课,视频中的数学讲解不是书中内容的复读,而是从另一角度对问题的深度分析。
●
相关链接 在E读中查询图书 在五车中查询图书 在当当中查询图书 在豆瓣中查询图书


正题名:导数不那么可怕     索取号:O172.1/172         预约/预借

序号 登录号 条形码 馆藏地/架位号 状态 备注
1 1203480   212034804   第二样本阅览室/ [索取号:O172.1/172] 在馆    
2 1203481   212034813   第三借阅区/ [索取号:O172.1/172] 在馆    
3 1203482   212034822   第三借阅区/ [索取号:O172.1/172] 在馆    
4 1203483   212034831   第三借阅区/ [索取号:O172.1/172] 在馆    
唐山师范学院图书馆 欢迎您!
大连网信软件有限公司© 版权所有